Elements on the Periodic Table - Statistics

General Stats
  • This quiz has been taken 6 times
  • The average score is 71 of 118
Answer Stats
Hint Answer % Correct
6 Carbon
100%
24 Chromium
100%
29 Copper
100%
79 Gold
100%
2 Helium
100%
1 Hydrogen
100%
49 Indium
100%
53 Iodine
100%
26 Iron
100%
36 Krypton
100%
82 Lead
100%
80 Mercury
100%
10 Neon
100%
8 Oxygen
100%
15 Phosphorus
100%
11 Sodium
100%
50 Tin
100%
22 Titanium
100%
13 Aluminium
83%
17 Chlorine
83%
63 Europium
83%
9 Fluorine
83%
87 Francium
83%
32 Germanium
83%
3 Lithium
83%
12 Magnesium
83%
25 Manganese
83%
7 Nitrogen
83%
76 Osmium
83%
78 Platinum
83%
94 Plutonium
83%
84 Polonium
83%
19 Potassium
83%
88 Radium
83%
86 Radon
83%
44 Ruthenium
83%
47 Silver
83%
92 Uranium
83%
54 Xenon
83%
39 Yttrium
83%
30 Zinc
83%
18 Argon
67%
4 Beryllium
67%
107 Bohrium
67%
35 Bromine
67%
48 Cadmium
67%
20 Calcium
67%
110 Darmstadium
67%
99 Einsteinium
67%
31 Gallium
67%
28 Nickel
67%
113 Nihonium
67%
34 Selenium
67%
14 Silicon
67%
89 Actinium
50%
51 Antimony
50%
33 Arsenic
50%
56 Barium
50%
83 Bismuth
50%
5 Boron
50%
55 Caesium
50%
98 Californium
50%
112 Copernicium
50%
105 Dubnium
50%
72 Hafnium
50%
77 Iridium
50%
57 Lanthanum
50%
103 Lawrencium
50%
101 Mendelevium
50%
42 Molybdenum
50%
60 Neodymium
50%
41 Niobium
50%
75 Rhenium
50%
45 Rhodium
50%
21 Scandium
50%
106 Seaborgium
50%
16 Sulfer
50%
73 Tantalum
50%
43 Technetium
50%
117 Tennessine
50%
81 Thallium
50%
74 Tungsten
50%
23 Vanadium
50%
40 Zirconium
50%
95 Americium
33%
85 Astatine
33%
97 Berkelium
33%
27 Cobalt
33%
96 Curium
33%
66 Dysprosium
33%
68 Erbium
33%
64 Gadolinium
33%
108 Hassium
33%
67 Holmium
33%
71 Lutetium
33%
109 Meitnerium
33%
115 Moscovium
33%
93 Neptunium
33%
102 Nobelium
33%
118 Oganesson
33%
46 Palladium
33%
59 Praseodymium
33%
61 | 62 Promethium
33%
91 Protactinium
33%
111 Roentgenium
33%
37 Rubidium
33%
104 Rutherfordium
33%
38 Strontium
33%
52 Tellurium
33%
90 Thorium
33%
70 Ytterbium
33%
58 Cerium
17%
100 Fermium
17%
114 Flerovium
17%
116 Livermorium
17%
65 Terbium
17%
69 Thulium
17%
No matching quizzes found
Score Distribution
Percent of People with Each Score
Percentile by Number Answered
Your Score History
You have not taken this quiz